UBT Library

Intervention : (Record no. 474)

000 -LEADER
fixed length control field 00607nam a22001937a 4500
008 - FIXED-LENGTH DATA ELEMENTS--GENERAL INFORMATION
fixed length control field 140527b xxu||||| |||| 00| 0 eng d
020 ## - INTERNATIONAL STANDARD BOOK NUMBER
International Standard Book Number 0870030574
041 0# - LANGUAGE CODE
Language code of text/sound track or separate title eng
080 ## - UNIVERSAL DECIMAL CLASSIFICATION NUMBER
Universal Decimal Classification number 355
100 ## - Rafti
Rafti Haass, Richard.
245 10 - TITLE STATEMENT
Title Intervention :
Statement of responsibility, etc Richard N. Haass.
260 ## -
-- Washington, DC :
-- Carnegie Endowment for International Peace,
-- 1994.
300 ## -
-- 258 f.:
-- 24 cm.
500 ## -
-- Preface: f. IX-X
505 ## -
-- Index f. 253-258
650 #0 -
-- Politika botërore
650 #0 -
-- SHBA
-- Marrëdhëniet ushtarake
942 ## - ADDED ENTRY ELEMENTS (KOHA)
Source of classification or shelving scheme
Item type Books
Holdings
Withdrawn status Lost status Source of classification or shelving scheme Damaged status Not for loan Collection code Permanent location Current location Shelving location Date acquired Total Checkouts Full call number Barcode Date last seen Koha item type
          Koleksioni i përgjithshem UBT - Prishtine UBT - Prishtine Koleksioni i përgjithshem 05/27/2014   355 HAA 001-000573 05/27/2014 Books
UBT Library © 2015-2024. All rights reserved University Education for Business and Technology